| 000 | 00595nam a22001697a 4500 | ||
|---|---|---|---|
| 003 | OSt | ||
| 005 | 20240221110915.0 | ||
| 008 | 240221s2002 ag ||||| |||| 00| 0 spa d | ||
| 020 | _a9508601108 | ||
| 040 | _cbesoc | ||
| 100 |
_aMargulis, Alejandro _eautor |
||
| 245 |
_aReconstrucciones de Desaparecidos. _c Alejandro Margulis |
||
| 260 |
_aBuenos Aires: _b Desde La Gente _c2002 |
||
| 300 | _a128 p. | ||
| 505 | _aHijos, Guillermina Perot y Guillermo Báez-Hermanos Gustavo Kehoe Wilson, Marcelo Brodsky-Madres, Hebe de Bonafini, Nora Cortiñas-Abuelas, Estela de Carlotto. | ||
| 942 |
_2udc _cLPD _n0 |
||
| 999 |
_c201 _d201 |
||